00832nam a22002057a 4500003000500000005001700005008004100022010001000063011001000073035001000083040000900093110010100102245008000203260004100283300003000324490011600354650001900470650002100489830011600510CHAP20220329134738.0971013s1964 r 00010 d a25178 a26150 a30250 cCHAP aCommonwealth Scientific and Industrial Research Organization. Division of Mechanical Engineering aSolar water heatersb: principles of design, construction, and installation aMelbourne :bThe Organization,c1964 a16 p.b: ilus. ; gráfs. aCommonwealth Scientific and Industrial Research Organization. Division of Mechanical Engineering. Circularv; 214aCalefacción.14aEnergía solar.0 aCommonwealth Scientific and Industrial Research Organization. Division of Mechanical Engineering. Circularv; 2